Four-Sport Markets with championships in every sport - Statistics

General Stats
  • This quiz has been taken 28 times
    8 since last reset
  • The average score is 64 of 75
Answer Stats
Hint Answers % Correct
5 1994
100%
2 1998
100%
4 2002
100%
3 2004
100%
2 2005
100%
4 2007
100%
1 2008
100%
3 2008
100%
6 2008
100%
5 2009
100%
4 2010
100%
1 2011
100%
5 2011
100%
1 2013
100%
4 2014
100%
2 2015
100%
1 2016
100%
2 2016
100%
6 2017
100%
7 2018
100%
4 Los Angeles
100%
5 New York City
100%
5 New York Giants
100%
5 New York Jets
100%
4 1988
88%
7 1991
88%
4 Anaheim Angels
88%
1 Boston
88%
1 Boston Celtics
88%
2 Chicago
88%
2 Chicago Bears
88%
3 Detroit
88%
3 Detroit Lions
88%
4 Los Angeles Dodgers
88%
4 Los Angeles Kings
88%
4 Los Angeles Lakers
88%
1 New England Patriots
88%
5 New York Islanders
88%
5 New York Knicks
88%
5 New York Mets
88%
5 New York Rangers
88%
5 New York Yankees
88%
7 Washington Bullets
88%
7 Washington, D.C.
88%
7 Washington Nationals (1905-1954)
88%
7 Washington Redskins
88%
5 1973
75%
6 1975
75%
7 1978
75%
4 1983
75%
5 1983
75%
6 1983
75%
3 1984
75%
2 1985
75%
5 1986
75%
4 Anaheim Ducks
75%
1 Boston Bruins
75%
1 Boston Red Sox
75%
2 Chicago Blackhawks
75%
2 Chicago Bulls
75%
2 Chicago Cubs
75%
2 Chicago White Sox
75%
3 Detroit Pistons
75%
3 Detroit Red Wings
75%
3 Detroit Tigers
75%
6 Philadelphia
75%
6 Philadelphia 76ers
75%
6 Philadelphia Eagles
75%
6 Philadelphia Flyers
75%
6 Philadelphia Phillies
75%
7 Washington Capitals
75%
7 1924
63%
5 1968
63%
4 Los Angeles Raiders
63%
3 1957
38%
No matching quizzes found
Score Distribution
Percent of People with Each Score
Percentile by Number Answered
Your Score History
You have not taken this quiz since the last reset